000 00446pab a2200157 454500
008 180718b2009 xxu||||| |||| 00| 0 eng d
100 _aDavies, Jim
245 _aEntrenchment of new governance in consumer policy formulation: a platform for European consumer citizenship practice?
260 _c2009
300 _ap.245-67.
362 _aSep
650 _aConsumers
773 _aJournal of Consumers Policy
908 _aN
909 _a84491
999 _c84491
_d84491